000 00367nam a2200145Ia 4500
005 20251222144844.0
008 251222s9999||||xx |||||||||||||| ||spa||
020 _a968-422-177-0
082 _a658.403/D31S
100 _aDavis, Gordon B.
245 0 _aSistemas de Información Gerencial
250 _a2a.ed.
264 _bMcGRAW-HILL LATINOAMERICANA
942 _cLIB
999 _c21333
_d21333